[Event "Let's Play Chess!"]
[Site "http://www.queenalice.com/game.php?id=1160065"]
[Date "2013.3.12"]
[Round "-"]
[White "SG262925"]
[Black "gambittree3"]
[Result "1-0"]
[WhiteElo "1221"]
[BlackElo "1248"]

1. e4 c5 2. Nf3 d6 3. Bc4 g6 4. Ng5 e6 5. d4 h6 6. Nf3 Bg7 7. Be3 Nc6 8. Nc3
Nge7 9. dxc5 O-O 10. Bf4 Bxc3+ 11. bxc3 dxc5 12. Bxh6 Re8 13. Nd2 Ne5 14. Bg5 f6
15. Bxf6 Rf8 16. Bxe5 Nc6 17. Bg3 Qg5 18. Nf3 Rd8 19. Nxg5 Ne7 20. Qxd8+ Kg7 21.
Qxe7+ Kh6 22. Bh4 Kh5 23. g3 a6 24. Be2+ Kh6 25. Qh7# 1-0

[Event "Let's Play Chess!"]
[Site "http://www.queenalice.com/game.php?id=1160067"]
[Date "2013.3.12"]
[Round "-"]
[White "gambittree3"]
[Black "SG262925"]
[Result "1-0"]
[WhiteElo "1267"]
[BlackElo "1306"]

1. Nf3 Nf6 2. c4 g6 3. Nc3 Bg7 4. b3 O-O 5. h3 d6 6. d3 e5 7. Bb2 c6 8. e4 Be6
9. d4 Qa5 10. dxe5 Nxe4 11. Nd2 Qxe5 12. Ndxe4 d5 13. Qc2 dxe4 14. Be2 e3 15.
O-O-O exf2 16. Rhf1 Qg5+ 17. Rd2 Qxg2 18. Bd3 Bf5 19. Rfxf2 Qxh3 20. Rh2 Qg4 21.
Bxf5 gxf5 22. Rxh7 Kxh7 23. Rh2+ Kg8 24. Rh1 Na6 25. a3 Rad8 26. Qh2 Nc5 27.
Qh7# 1-0

[Event "Let's Play Chess!"]
[Site "http://www.queenalice.com/game.php?id=1160355"]
[Date "2013.3.14"]
[Round "-"]
[White "SG262925"]
[Black "dimitridruloza2012"]
[Result "0-1"]
[WhiteElo "1100"]
[BlackElo "1451"]

1. e4 e5 2. Nf3 d6 3. Bc4 Nf6 4. Ng5 Bg4 5. Bxf7+ Ke7 6. Qxg4 Nxg4 7. d3 g6 8.
Ne6 Qd7 9. Bg5+ Kxf7 10. h3 Qxe6 11. hxg4 Qxg4 12. Bh4 Qxg2 13. Rf1 Qg4 14. Bg3
h5 15. Nd2 h4 16. f3 Qxg3+ 17. Rf2 Qg1+ 18. Nf1 Rh5 19. f4 d5 20. Kd2 Qxf2+ 21.
Kc3 d4+ 22. Kb3 exf4 23. Rb1 Rb5+ 24. Kc4 Rb4+ 25. Kd5 c6+ 26. Ke5 Rb5# 0-1

[Event "Let's Play Chess!"]
[Site "http://www.queenalice.com/game.php?id=1160357"]
[Date "2013.3.15"]
[Round "-"]
[White "SG262925"]
[Black "robsonsouza"]
[Result "0-1"]
[WhiteElo "1219"]
[BlackElo "1513"]

1. e4 e5 2. Nf3 d6 3. Nc3 Bg4 4. d3 Bxf3 5. Qxf3 Nc6 6. b3 Nd4 7. Qd1 Nf6 8. Bg5
Be7 9. Be2 Nd7 10. Bd2 O-O 11. O-O c6 12. b4 Nb6 13. Qe1 Nxc2 0-1

[Event "Let's Play Chess!"]
[Site "http://www.queenalice.com/game.php?id=1160358"]
[Date "2013.3.15"]
[Round "-"]
[White "robsonsouza"]
[Black "SG262925"]
[Result "1-0"]
[WhiteElo "1529"]
[BlackElo "1240"]

1. e4 e5 2. Nf3 Nc6 3. a3 Nf6 4. d3 Be7 5. g3 d5 6. exd5 Nxd5 7. c4 Nd4 8. Nxd4
exd4 9. cxd5 Qxd5 10. f3 O-O 11. Qc2 Qxf3 12. Qg2 Bg4 13. Qxf3 Bxf3 14. Rg1 Rae8
15. Kf2 Bh5 16. Nd2 Bg5 17. Nc4 Be3+ 18. Nxe3 c5 19. Nc4 Re6 20. b4 b6 21. bxc5
bxc5 22. Ra2 Rb8 23. Bf4 Rb1 24. Bh3 Rf6 25. Rxb1 g5 26. Rb8+ Kg7 27. Rc8 gxf4
28. gxf4 Rxf4+ 29. Kg3 Rf3+ 30. Kg2 Rxd3 31. Rxc5 Bf3+ 32. Kf2 Bb7 33. Rd2 Rxh3
34. Kg1 1-0

[Event "Let's Play Chess!"]
[Site "http://www.queenalice.com/game.php?id=1160360"]
[Date "2013.3.17"]
[Round "-"]
[White "Rider"]
[Black "SG262925"]
[Result "0-1"]
[WhiteElo "1547"]
[BlackElo "1195"]

1. e4 e5 2. d4 a6 3. dxe5 Nc6 4. Qd5 Nge7 5. Qd3 Nxe5 6. Qe3 d6 7. c4 c5 8. b3
N7c6 9. Bd2 Qf6 10. f3 Nd4 11. Na3 Be7 12. Bc3 b5 13. Bxd4 cxd4 14. Qd2 b4 15.
Qxb4 d3 16. Rd1 O-O 17. Qd2 Qh4+ 18. g3 Nxf3+ 19. Nxf3 Qxe4+ 20. Kf2 d5 21. Qxd3
Bc5+ 22. Kg2 Bxa3 23. Qxe4 dxe4 24. Nd4 Bb7 25. Kh3 Bc8+ 26. g4 Rd8 27. Bg2 Bb7
28. Nf5 g6 29. Ne3 g5 30. Rhe1 Rd3 31. Rxd3 exd3 32. Bxb7 Bb4 33. Rd1 Rd8 34.
Bxa6 Ra8 35. Bb5 Rxa2 36. Rxd3 Be1 37. c5 Ba5 38. c6 Bc7 39. Nd5 Rxh2# 0-1

[Event "Let's Play Chess!"]
[Site "http://www.queenalice.com/game.php?id=1160361"]
[Date "2013.3.15"]
[Round "-"]
[White "SG262925"]
[Black "kykobr"]
[Result "0-1"]
[WhiteElo "1207"]
[BlackElo "1356"]

1. e4 c5 2. Nf3 d6 3. Bc4 e6 4. d3 Nf6 5. Bg5 Be7 6. O-O O-O 7. Qe1 a6 8. Nfd2
h6 9. Be3 Nc6 10. f4 Qb6 11. Qg3 Qxb2 12. Bxe6 Bxe6 13. f5 Nh5 14. Qg6 fxg6 0-1

[Event "Let's Play Chess!"]
[Site "http://www.queenalice.com/game.php?id=1161222"]
[Date "2013.3.15"]
[Round "-"]
[White "Ruusgugg"]
[Black "SG262925"]
[Result "1-0"]
[WhiteElo "1253"]
[BlackElo "1271"]

1. Nf3 f5 2. e3 d5 3. d4 e6 4. Ne5 Nh6 5. Bb5+ c6 6. Bd3 Bd6 7. Qh5+ g6 8. Qxh6
Qa5+ 9. c3 c5 10. Qg7 Rf8 11. Qxh7 cxd4 12. exd4 Rf6 13. Qh8+ Rf8 14. Qg7 Nd7
15. Nf3 Rf6 16. b4 Bxb4 17. cxb4 Qxb4+ 18. Bd2 Qb2 19. Bc3 Qc1+ 20. Ke2 Qxh1 21.
Qh8+ Rf8 22. Qg7 Qxg2 23. Bb4 e5 24. Nxe5 f4 25. Nxd7 Qg4+ 26. f3 Qe6+ 27. Kd2
Qe3+ 28. Kc3 Qe1+ 29. Nd2 Qxa1+ 30. Kb3 Bxd7 31. Qxf8# 1-0

[Event "Challenge"]
[Site "http://www.queenalice.com/game.php?id=1161727"]
[Date "2013.3.16"]
[Round "-"]
[White "SG262925"]
[Black "luk3993"]
[Result "0-1"]
[WhiteElo "1165"]
[BlackElo "1443"]

1. f4 d5 2. d4 Nc6 3. Nf3 Nf6 4. e3 Ne4 5. Qe2 h5 6. Nc3 Rb8 7. Qb5 e6 8. Ne5
Qd6 9. Nxc6 a6 10. Nxe4 Qxc6 11. Qxc6+ bxc6 12. Nc5 a5 13. b3 h4 14. Bd2 Ra8 15.
a4 f6 16. Be2 g5 17. fxg5 fxg5 18. O-O-O Bg7 19. Bg4 e5 20. Bxc8 Rxc8 21. Bxa5
exd4 22. Ne6 Kf7 23. Nxc7 dxe3 24. c3 d4 25. cxd4 Rcd8 26. Ne6 Kxe6 27. Bxd8
Rxd8 28. Rd3 Bxd4 29. Rhd1 e2 30. Re1 Bb2+ 31. Kd2 Rxd3+ 32. Kxd3 g4 33. Rxe2+
Be5 34. a5 Kf5 35. h3 Bc7 36. a6 Bb6 37. Ra2 Ba7 38. Rf2+ Bxf2 39. Kc4 Kf4 40.
hxg4 Kxg4 41. Kd3 Kg3 42. Ke2 Kxg2 43. b4 h3 44. Kd3 h2 0-1

[Event "Challenge"]
[Site "http://www.queenalice.com/game.php?id=1161730"]
[Date "2013.3.16"]
[Round "-"]
[White "luk3993"]
[Black "SG262925"]
[Result "1-0"]
[WhiteElo "1396"]
[BlackElo "1182"]

1. d4 f5 2. h4 e6 3. f4 d5 4. a4 Nf6 5. e3 c6 6. c3 Ne4 7. Nf3 Ng3 8. Rh3 Be7 9.
Ng5 Nxf1 10. Kxf1 g6 11. b4 Nd7 12. Nxe6 Qb6 13. Na3 Bxb4 14. Rb1 Qa6+ 15. Qe2
Qxe2+ 16. Kxe2 Bxc3 17. Nc7+ Kf8 18. Nxa8 Nf6 19. Nc2 b5 20. Ba3+ Kg7 21. axb5
Bd7 22. bxc6 Bxc6 23. Nc7 Nh5 24. Rb3 Ba5 25. Ne6+ Kf6 26. Nc5 Re8 27. Bb4 Nxf4+
28. Kf2 Nxh3+ 29. gxh3 Bd8 30. Nd3 Ba4 31. Rc3 Bxc2 32. Rxc2 Kg7 33. Rc8 h5 34.
Ke2 Kf7 35. Ne5+ Kg7 36. Ba5 Kf8 37. Bxd8 a5 38. Nxg6+ Kf7 39. Nh8+ Kg7 40. Bf6+
Kf8 41. Rc7 Ra8 42. Ng6+ Kg8 43. Rg7# 1-0

[Event "asdfghjkl zxcvbnm qwertyuiop"]
[Site "http://www.queenalice.com/game.php?id=1165643"]
[Date "2013.3.28"]
[Round "-"]
[White "SG262925"]
[Black "luk3993"]
[Result "0-1"]
[WhiteElo "1155"]
[BlackElo "1467"]

1. d4 Nc6 2. c3 e5 3. d5 Na5 4. e4 c6 5. c4 b5 6. b3 bxc4 7. bxc4 cxd5 8. Qxd5
Bb4+ 9. Bd2 Rb8 10. Qxe5+ Ne7 11. Qxb8 Nec6 12. Qg3 Qf6 13. e5 Nxe5 14. Bxb4
Nexc4 15. Bxc4 Nxc4 16. Ne2 Qxa1 17. O-O Qxa2 18. Qb8 Kd8 19. Nec3 Qb2 20. Ba5+
Nb6 21. Nd5 Qc2 22. Re1 Re8 23. Bxb6+ axb6 0-1

[Event "Challenge"]
[Site "http://www.queenalice.com/game.php?id=1166725"]
[Date "2013.3.31"]
[Round "-"]
[White "dimitridruloza2012"]
[Black "SG262925"]
[Result "1-0"]
[WhiteElo "1627"]
[BlackElo "1230"]

1. d4 f5 2. Nf3 Nf6 3. e3 d5 4. Nc3 e6 5. Ne5 Bd6 6. Bb5+ c6 7. Ba4 O-O 8. O-O
Qe8 9. Qf3 b5 10. Bb3 Ba6 11. Re1 Bb4 12. Qg3 Qh5 13. f3 Bd6 14. a4 Nbd7 15. Qf2
Nxe5 16. dxe5 Bxe5 17. h3 bxa4 18. Rxa4 Bc4 19. Bxc4 dxc4 20. Rxc4 Rfc8 21. Na4
Nd5 22. Nc5 f4 23. Nxe6 fxe3 24. Bxe3 Bxb2 25. Qg3 Nxe3 26. Rxe3 Qf7 27. Rg4 Re8
28. Ng5 1-0

[Event "Challenge"]
[Site "http://www.queenalice.com/game.php?id=1166726"]
[Date "2013.3.31"]
[Round "-"]
[White "SG262925"]
[Black "dimitridruloza2012"]
[Result "0-1"]
[WhiteElo "1234"]
[BlackElo "1551"]

1. e4 Nf6 2. Nc3 e5 3. Bc4 d6 4. Nf3 Nc6 5. Ng5 Be6 6. d3 Nd4 7. O-O Qd7 8. Bb5
c6 9. Bc4 Bg4 10. Bxf7+ Kd8 11. Qd2 Kc7 12. Na4 Rc8 13. Qa5+ Kb8 14. b4 h6 15.
Bc4 hxg5 16. Bxg5 Nxc2 17. Rab1 Nh5 18. b5 Nd4 19. b6 Ne2+ 20. Kh1 a6 21. Bxa6
Bf3 22. Bc4 Bxg2+ 23. Kxg2 Qg4+ 24. Kh1 Qf3# 0-1